header

The governance of the City University of New York (Record no. 226017)

MARC details
000 -LEADER
fixed length control field 01366nam a2200313 a 4500
100 1# - MAIN ENTRY--AUTHOR NAME
Personal name Gill, Brian P.,
245 14 - TITLE STATEMENT
Title The governance of the City University of New York
260 ## - PUBLICATION, DISTRIBUTION, ETC. (IMPRINT)
Place of publication Santa Monica, CA :
Name of publisher Rand Education,
Year of publication 2000.
300 ## - PHYSICAL DESCRIPTION
Number of Pages xiii, 68 p. :
Other physical details ill.
500 ## - GENERAL NOTE
General note "This research was conducted for the Mayor's Advisory Task Force on the City University of New York"--P. iii.
General note "MR-1141-EDU"--P. [4] of cover.
856 40 - ELECTRONIC LOCATION AND ACCESS
Uniform Resource Identifier http://site.ebrary.com/lib/rucke/Doc?id=2004604

No items available.

© 2026 Rongo University
Contact us: librarian | system librarian | Rongo university